00449nam a22001577a 450000500170000000800410001702000220005804100080008008200080008810000180009624501050011425000160021926000380023530000100027365000080028320230821110908.0230818b |||||||| |||| 00| 0 eng d a978-98-5465-894-5 aeng a612 aMOHAN, HARSH  aPATHOLOGY QUICK REVIEW: Includes exclusive description of all the competencies as per curriculum NMC a6TH ED.2023 aNEW DELHIbJAYPEE BROTHERS c2023 a268;p aBPT